Analýza slovenských spoločností so sídlom v offshore jurisdikciách v kontexte nadnárodných regulačných opatrení

Nárast počtu slovenských spoločností so sídlom v daňových rajoch. Výhody offshorových spoločností. Analýza vybraných finančných ukazovateľov vybraných slovenských spoločností. Nadnárodné regulačné opatrenia v oblasti offshore podnikania.

Saved in:
Bibliographic Details
Main Author: Ištok, Michal
Other Authors: Stašová, Jana
Format: Book Chapter
Language:Slovak
Subjects:
Tags: Add Tag
No Tags, Be the first to tag this record!

MARC

LEADER 00000naa a2200000 4500
001 0258162
005 20190911150252.1
041 0 |a slo 
044 |a SK 
245 1 0 |a Analýza slovenských spoločností so sídlom v offshore jurisdikciách v kontexte nadnárodných regulačných opatrení  |c Michal Ištok, Jana Stašová 
520 |a Nárast počtu slovenských spoločností so sídlom v daňových rajoch. Výhody offshorových spoločností. Analýza vybraných finančných ukazovateľov vybraných slovenských spoločností. Nadnárodné regulačné opatrenia v oblasti offshore podnikania. 
610 2 0 |a raje daňové 
610 2 0 |a regulácia 
610 2 0 |a podnikanie 
610 2 0 |a offshore 
610 2 0 |a offshoring 
610 2 0 |a Slovensko 
610 2 0 |a podnik 
610 2 0 |a smernice 
100 1 |a Ištok, Michal 
700 1 |a Stašová, Jana